|
|
|
|
| LEADER |
00000cam a2200000 a 4500 |
| 001 |
1/125309 |
| 008 |
220908s2015####gr | ||| |||| ||gre|| |
| 020 |
|
|
|a 9786188220409
|
| 040 |
|
|
|a GR-MyUa
|b gre
|c GR-MyUa
|e AACR2
|
| 041 |
0 |
|
|a gre
|
| 082 |
7 |
|
|a 372.893
|2 (23)
|
| 100 |
1 |
|
|a Καρακατσιάνης, Ιωάννης Δ.
|
| 245 |
1 |
0 |
|a Ελάτε να κάνουμε ιστορία :
|b βοήθημα για καθηγητές και γονείς με παράδειγμα τη διδακτική της ιστορίας Β' γυμνασίου. Τόμος Α' /
|c Γιάννης Καρακατσιάνης.
|
| 260 |
|
|
|a Καλαμάτα :
|b [χ.ο.],
|c 2015.
|
| 300 |
|
|
|a 191 σ. ;
|c 25 εκ.
|
| 504 |
|
|
|a Περιέχει βιβλιογραφικές παραπομπές, ευρετήρια ονομάτων και οργανισμών.
|
| 650 |
|
0 |
|a Textbooks
|x History
|z Greece.
|
| 650 |
|
0 |
|a History
|x Study and teaching
|x Handbooks, manuals, etc.
|
| 650 |
|
0 |
|a History
|x Study and teaching (Secondary)
|z Greece.
|
| 970 |
|
|
|a Σιδερή
|b Νεκταρία
|z 2022/09/08
|